1833 1913 1008 1786 1506 1766 1264 1703 1460 1581 1774 1761 1230 1340 1207 1748 1859 1402 1545 1689 1414 1108 1634 1449 1849 1110 1168 1200 1502 1301 1043 1749 1710 1770 1338 1304 1913 1431 1223 1641 1909 1694 1622 1477 1434 1834 1827 1380 1733 1791 1607 1824 1508 1067 1134 1803 1459 1121 1391 1206 1375 1303 1622 1739 1832 1427 1625 1960 1506 1864 1734 1684 1163 1275 1404 1379 1521 1982 1365 1498 1249 1636 1175 1006 1621 1321 1537 1549 1811 1255 1304 1995 1317 1968 1696 1878 1390 1819 1107 BCNSPRNW ULIB Ver.6.0+V

เปลี่ยนเป็นภาษาไทย

Change to English
 แสดงรายละเอียดบรรณานุกรม
  กลับหน้าหลัก

Brief Record : Get Marc (ISO 2709) : E-mail record : QR code < ปิดหน้าต่าง
LEADER : 00000nam 2200000uu 4500
001    13399126132
003     ULIB
008    180612s2005||||th 000 0 tha d
020    ^a9780521497671
050 00 ^aPE1128^bJ251C^cV.1
100 0  ^aJakeman, Vanessa.
245 10 ^aCambridge practice tests for IELTS 1 /^cVanessa Jakeman, Clare McDowell
260    ^aCambridge :^bCambridge University Press,^c2005
300    ^a156 p.:^bill. ;^c25 cm.
650 00 ^aInternational English Language Testing System.
650 00 ^aEnglish language^xExaminations, questions, etc.
650 00 ^aEnglish language^xTextbooks for foreign speakers
700 1  ^aMcDowell, Clare
945    ^p521^l0^i004228
999    ^aวรรณษา ชูชัยมงคล
รายการนี้ยังไม่มีแท็ก
คุณยังไม่ได้ล็อกอิน คุณสามารถมีกิจกรรมร่วมกับเว็บไซต์ได้ แต่ต้องล็อกอินก่อน ::
  ล็อกอิน

รายการสื่อสารสนเทศ

ลำดับที่ ประเภท เลขเรียก/บาร์โค้ด สถานที่ สถานะ
1. วิทยาศาสตร์การแพทย์ และสุขภาพ
หนังสือสำรอง
สถานะ=หนังสือสำรอง
PE1128 J251C V.1 ฉ.1 
  Barcode: 004228
ห้องสมุดวิทยาเขตสวรรค์ประชารักษ์
►หนังสือทั่วไป
บนชั้น

รายการใกล้เคียง
    ผู้แต่ง [Jakeman, Vanessa.]

    หัวเรื่อง [International English Language Testing System.]

BibComment


ยังไม่เคยถูกคอมเมนท์

คอมเมนท์ทรัพยากรรายการนี้
  คอมเมนท์: Cambridge practi..


 Copyright 2026. Bcnsprnw @Library